000 00957nam#a2200301#a#4500
003 AR-BeUNQ
005 20231004144600.0
008 030219s2002 ag 000 0 spa d
020 _a9871105177
020 _a9871105177
040 _aAR-BeUNQ
_bspa
_eaacr
_cAR-BeUNQ
099 _a25-A26
100 1 _aAlonso, Daniel F.,
_d1966-
245 1 3 _aEl desafío del cangrejo :
_bavances en el conocimiento, prevención y tratamiento del cáncer /
_cDaniel F. Alonso.
250 _a1a. ed.
260 _aBernal :
_bUniversidad Nacional de Quilmes,
_c2002
300 _a85 p. ;
_c19 cm.
490 0 _aCiencia que ladra...
504 _aIncluye referencias bibliográficas.
650 7 _aNeoplasmas malignos
_2spines
650 7 _aDivulgación científica
_2spines
650 7 _aInvestigación
_2spines
650 7 _aTerapeútica
_2spines
650 7 _aCáncer
_2toit
650 7 _aPrevención
_2toit
929 _aDONACION
_bUNQ
_d0
_j56573
942 _cLIB
_n0
999 _c157
_d157